000 01485cam a22003737a 4500
003 CHAP
005 20220329142035.0
008 990413d1999 mx b rs o00110 spa d
010 _a77467
011 _a78439
020 _a9701316827
035 _a88370
040 _cCHAP
082 0 4 _a631.544
_bI5 Mor.
110 2 _aInstituto Nacional de Estadística, Geografía e Informática. México
_959304
245 1 3 _aLa agricultura de invernadero y vivero en el estado de :
_bMorelos
_c/por Instituto Nacional de Estadística, Geografía e Informática
260 _aAguascalientes, Ags. :
_bInstituto Nacional de Estadística, Geografía e Informática,
_c1997.
300 _a65 p. :
_bgráfs. ; mapas ; cuadros
590 _aBATCH-UPD
_b10
_c20130110
_lUCH01
_h0449
590 _aBATCH-UPD
_b10
_c20130410
_lUCH01
_h0126
590 _aBATCH-UPD
_b10
_c20130914
_lUCH01
_h1121
590 _aCONVERSION
_b10
_c20130109
_lUCH01
_h1343
650 1 4 _aClima
_zMorelos.
_923854
650 1 4 _aCultivos en invernadero.
_930376
650 1 4 _aCultivos
_zMorelos.
_930365
650 1 4 _aGeografía
_zMorelos.
_947567
650 1 4 _aViveros.
_9120096
901 _aBK
905 _aLilia Sánchez G.
942 _cLIBRO
949 _a631.544 I5 Mor.
_bBC
_cINEGI
_d33724000719803
_eINEGI
_fc.2
_gI.c/e
_h94933
_i88370
_sb
949 _a631.544 I5 Mor.
_bBC
_cINEGI
_d33724000719811
_eINEGI
_gI.c/e
_h94931
_i88370
_sb
949 _a631.544 I5 Mor.
_bBC
_cINEGI
_d33724000835294
_eINEGI
_fc.3
_gDonaciØn
_h100368
_i88370
_si
999 _c77467
_d77467